| 000 -LEADER |
| fixed length control field |
01336pam a2200325 a 4500 |
| 001 - CONTROL NUMBER |
| control field |
3054901 |
| 003 - CONTROL NUMBER IDENTIFIER |
| control field |
OSt |
| 005 - DATE AND TIME OF LATEST TRANSACTION |
| control field |
20140116120820.0 |
| 008 - FIXED-LENGTH DATA ELEMENTS--GENERAL INFORMATION |
| fixed length control field |
961030s1997 couab b 001 0 eng |
| 010 ## - LIBRARY OF CONGRESS CONTROL NUMBER |
| LC control number |
96047847 |
| 020 ## - INTERNATIONAL STANDARD BOOK NUMBER |
| International Standard Book Number |
9780813323619 |
| 040 ## - CATALOGING SOURCE |
| Original cataloging agency |
DLC |
| Transcribing agency |
DLC |
| Modifying agency |
DLC |
| 041 1# - LANGUAGE CODE |
| Language code of text/sound track or separate title |
eng |
| Language code of original and/or intermediate translations of text |
fre |
| 043 ## - GEOGRAPHIC AREA CODE |
| Geographic area code |
fb----- |
| 050 00 - LIBRARY OF CONGRESS CALL NUMBER |
| Classification number |
HQ1787.C67 1997 |
| 100 2# - MAIN ENTRY--PERSONAL NAME |
| Personal name |
Coquery-Vidrovitch, Catherine. |
| 240 10 - UNIFORM TITLE |
| Uniform title |
<a href="Africaines.">Africaines.</a> |
| Language of a work |
English |
| 245 10 - TITLE STATEMENT |
| Title |
African women : a modern history / |
| Statement of responsibility, etc |
Catherine Coquery-Vidrovitch ; translated by Beth Gillian Raps. |
| 260 ## - PUBLICATION, DISTRIBUTION, ETC. (IMPRINT) |
| Place of publication, distribution, etc |
Boulder, Colo. : |
| Name of publisher, distributor, etc |
WestviewPress, |
| Date of publication, distribution, etc |
1997. |
| 300 ## - PHYSICAL DESCRIPTION |
| Extent |
xviii, 308 p. : |
| Other physical details |
ill., map ; |
| Dimensions |
24 cm. |
| 440 #0 - SERIES STATEMENT/ADDED ENTRY--TITLE |
| Title |
Social change in global perspective |
| 504 ## - BIBLIOGRAPHY, ETC. NOTE |
| Bibliography, etc |
Includes bibliographical references and index. |
| 650 #0 - SUBJECT ADDED ENTRY--TOPICAL TERM |
| Topical term or geographic name as entry element |
Women |
| Geographic subdivision |
Africa, Sub-Saharan |
| General subdivision |
History |
| Chronological subdivision |
19th century. |
| 650 #0 - SUBJECT ADDED ENTRY--TOPICAL TERM |
| Topical term or geographic name as entry element |
Women |
| Geographic subdivision |
Africa, Sub-Saharan |
| General subdivision |
History |
| Chronological subdivision |
20th century. |
| 856 42 - ELECTRONIC LOCATION AND ACCESS |
| Materials specified |
Contributor biographical information |
| Uniform Resource Identifier |
<a href="http://www.loc.gov/catdir/enhancements/fy0832/96047847-b.html">http://www.loc.gov/catdir/enhancements/fy0832/96047847-b.html</a> |
| 856 42 - ELECTRONIC LOCATION AND ACCESS |
| Materials specified |
Publisher description |
| Uniform Resource Identifier |
<a href="http://www.loc.gov/catdir/enhancements/fy0832/96047847-d.html">http://www.loc.gov/catdir/enhancements/fy0832/96047847-d.html</a> |
| 906 ## - LOCAL DATA ELEMENT F, LDF (RLIN) |
| a |
7 |
| b |
cbc |
| c |
orignew |
| d |
1 |
| e |
ocip |
| f |
19 |
| g |
y-gencatlg |
| 942 ## - ADDED ENTRY ELEMENTS (KOHA) |
| Source of classification or shelving scheme |
|
| Koha item type |
Book |